000
00326nam a2200133Ia 4500
008
200103s9999||||xx |||||||||||||| ||und||
040
_a
IMU-MPC
082
_a
Column-23
100
_a
Jansson, Martin
245
0
_a
handbook of applied Mathematics
260
_b
D. Van Nostrand Company
_c
1936
300
_a
xi, 1010
942
_c
BK
999
_c
6858
_d
6858